| 000 | 01133nam a2200229Ia 4500 | ||
|---|---|---|---|
| 001 | L273-22774 | ||
| 003 | IT-CnALBA | ||
| 008 | 170116s9999||||xx |||||||||||||| ||und|| | ||
| 040 |
_aIT-CnALBA _cIT-CnALBA |
||
| 041 | _aITALIANO | ||
| 100 | _aPIMEN, PATRIARCA DI MOSCA | ||
| 245 | 0 | _aMILLE ANNI DI FEDE RUSSA. | |
| 250 | _a1a ed. | ||
| 260 |
_aCINISELLO BALSAMO (MI) _bEDIZIONI PAOLINE _c1987 [1° Ed.:1987 - Ed.Ling.Originale: 1987] |
||
| 300 | _a248 p. (prefazione: 8) | ||
| 500 | _aSIGNIFICATO DEL MILLENARIO. NOTIZIE SU PIMEN. CHIESA ORTODOSSA RUSSA E STRUTTURA. INTERROGATIVI MODERNI. MILLE ANNI DI UN POPOLO CREDENTE. PASTORI. DIALOGO ECUMENICO. ROMA E MOSCA. DIALOGO TRA LE CHIESE IN RUSSIA. | ||
| 501 | _aSocietà San Paolo EM - Piazza San Paolo, 14 - 12051 ALBA (CN) (non commercial uses only) ® Copyright 2017 | ||
| 520 | _aSIGNIFICATO DEL MILLENARIO. NOTIZIE SU PIMEN. CHIESA ORTODOSSA RUSSA E STRUTTURA. INTERROGATIVI MODERNI. MILLE ANNI DI UN POPOLO CREDENTE. PASTORI. DIALOGO ECUMENICO. ROMA E MOSCA. DIALOGO TRA LE CHIESE IN RUSSIA. | ||
| 650 | _aCHIESA ORTODOSSA | ||
| 942 | _cBK | ||
| 957 | _71 | ||
| 999 |
_a27515 _bNO _g Copie: 1 _c281875 _d281875 |
||